00575nam a22002177a 450000500170000001000150001702000260003203500130005803500170007103700130008803700170010108200110011810000190012924500630014825000110021126000300022227000540025230000260030650000190033260000060035120140820111753.0 aENG-108633 a9788120348356c395.00 aEN-92166 aB-536832-836 bDBAD/PUB bUBH/Venadpl a333.95 aSulphey, M. M. aIntroduction to environment management /cby M.M. Sulphey a2nd ed aDelhic2013bPHI Learning aRimjhim House, 111, PatparganjbNew Delhie110092 axxiv,396p.c24cm(pbk) aIncludes index d